000 00649nam a2200169Ia 4500
008 220216s9999 xx 000 0 und d
100 _aSathik M.B.M
245 0 _aDeveloping markers for abiotic stress tolerance in Hevea brasiliensis
260 _bNational Seminar on Modern Trends in Conservation, Utilization and Improvement of Plant Genetic Resources', 23-24 November 2017, Botany Department, University of Kerala, Thiruvananthapuram, India.
650 _aAbiotic stress tolerance
650 _aHevea brasiliensis
650 _aMarkers
700 _aKuruvilla L
700 _aLuke L.P
700 _aNeethu N.N, and Thomas M
942 _cBS
999 _c50536
_d50536